Μέριλ Στρίπ

Αποθηκεύτηκε σε:
Λεπτομέρειες βιβλιογραφικής εγγραφής
Κύριος συγγραφέας: Κεσίσογλου, Στέλιος, 1966-
Μορφή: Βιβλίο
Γλώσσα:Greek
Δημοσίευση: Αθήνα : Αιγόκερως, 2006
Σειρά:Κινηματογράφος. Ηθοποιοί ; ; 19
Θέματα:
Ετικέτες: Προσθήκη ετικέτας
Δεν υπάρχουν, Καταχωρήστε ετικέτα πρώτοι!

MARC

LEADER 00000nam a2200000 i 4500
001 1/56573
008 071002s2006 gre d
020 |a 960-322-254-2 
035 |l 10091168 
040 |a GR-MY-UA  |b gre  |e aacr 
041 0 |a gre 
082 0 |a 791.43028092  |2 (22) 
100 1 |a Κεσίσογλου, Στέλιος,   |d 1966- 
245 1 0 |a Μέριλ Στρίπ /  |c Στέλιος Κεσίσπγλου 
260 |a Αθήνα :   |b Αιγόκερως,   |c 2006 
300 |a 119 σ.;  |b εικ. (μερ. έγχρ.);  |c 20 εκ. 
490 1 |a Κινηματογράφος. Ηθοποιοί  |v ; 19 
504 |a Φιλμογραφία: σ. 95-117 
600 1 0 |a Streep, Meryl. 
650 0 0 |a Motion pictures actors and actresses  |z United States  |x Biography. 
650 0 0 |a Actors  |z United States  |x Biography. 
830 0 |a Κινηματογράφος. Ηθοποιοί ;  |v ; 19 
852 |a INST  |b LESVOS  |e 20071002  |h 791.43028092 ΚΕΣ  |p 005100040990  |q 005100040990  |t BK  |y 0 
901 |a BIBL1-2007-3 
909 |a Λ  |b 136694 
922 |a 1ΕΛΗ  |b 200707  |c ΕΠΕΑΕΚ2/ΠΤΕ  |d Σ. ΠΑΤΑΚΗΣ 
970 |a ΚΑΡΑ  |b ΓΙΑΣΕΜΗ  |z 2007/10/02